000 00771nam a2200241Ia 4500
003 OSt
005 20221005112755.0
006 a|||||r|||| 00| 0
007 ta
008 221004b |||||||| |||| 00| 0 pan d
020 _a9788182991378 (hbk)
_c320
024 _a95251
037 _b72872, 31/12/2008, Arsee Publishers
_cTextual
040 _aCRL
_cCRL
_bpan
041 _2pan
_apan
082 _aS:55, 153P8
100 _aਪੁਰੀ, ਕੈਲਾ
245 0 _aਸੇਜ ਸੁਹਾਵੀ
260 _aਦਿੱਲੀ
_bਆਰਸੀ ਪਬਲਿਰਗ਼ ਭਾਰਤ
_c2008
300 _a300ਪੰ
_ccm.
942 _hS:55, 153P8
_cTEXL
_2cc
999 _c1025921
_d1025921